A TEXTBOOK OF REMEDIAL BIOLOGY (Record no. 32974)

MARC details
000 -LEADER
fixed length control field 00325nam a22001457a 4500
003 - CONTROL NUMBER IDENTIFIER
control field SGT
020 ## - INTERNATIONAL STANDARD BOOK NUMBER
International Standard Book Number 938426619-1
082 ## - DEWEY DECIMAL CLASSIFICATION NUMBER
Classification number 570
Item number SHA
100 ## - MAIN ENTRY--PERSONAL NAME
Personal name SHARMA, DR. O.P.
245 ## - TITLE STATEMENT
Title A TEXTBOOK OF REMEDIAL BIOLOGY
260 ## - PUBLICATION, DISTRIBUTION, ETC. (IMPRINT)
Place of publication, distribution, etc INDIA
Name of publisher, distributor, etc BIRLA PUB.
Year of Publication 2025
300 ## - PAGE DESCRIPTION
No. of Pages 372
650 ## - SUBJECT ADDED ENTRY--TOPICAL TERM
Topical term or geographic name as entry element REMEDIAL BIOLOGY
942 ## - ADDED ENTRY ELEMENTS (KOHA)
Source of classification or shelving scheme Dewey Decimal Classification
Koha item type Books
Holdings
Withdrawn status Lost status Source of classification or shelving scheme Damaged status Not for loan Collection code Home library Current library Shelving location Date acquired Vendor Name Cost, normal purchase price SGTU Bill Number Full call number Accession No. (Barcode) Date last seen Bill Date Koha item type Total Checkouts Date last borrowed
    Dewey Decimal Classification   Not For Loan SCIENCE SGT Science & Social Sciences Library SGT Science & Social Sciences Library Reference Book 29/10/2025 ABC 350.00 SGTU 21721 570 SHA DP1066 29/10/2025 17/09/2025 Books    
    Dewey Decimal Classification     SCIENCE SGT Science & Social Sciences Library SGT Science & Social Sciences Library Text Book 29/10/2025 ABC 350.00 SGTU 21721 570 SHA DP1067 14/01/2026 17/09/2025 Books 1 10/01/2026
    Dewey Decimal Classification     SCIENCE SGT Science & Social Sciences Library SGT Science & Social Sciences Library Text Book 29/10/2025 ABC 350.00 SGTU 21721 570 SHA DP1068 29/10/2025 17/09/2025 Books    
    Dewey Decimal Classification     SCIENCE SGT Science & Social Sciences Library SGT Science & Social Sciences Library Text Book 29/10/2025 ABC 350.00 SGTU 21721 570 SHA DP1069 29/10/2025 17/09/2025 Books    
    Dewey Decimal Classification     SCIENCE SGT Science & Social Sciences Library SGT Science & Social Sciences Library Text Book 29/10/2025 ABC 350.00 SGTU 21721 570 SHA DP1070 29/10/2025 17/09/2025 Books